Normal view
MARC view
Entry Personal Name
001 - CONTROL NUMBER
- control field: 1236105
003 - CONTROL NUMBER IDENTIFIER
- control field: OSt
005 - DATE AND TIME OF LATEST TRANSACTION
- control field: 20260430121838.0
008 - FIXED-LENGTH DATA ELEMENTS
- fixed length control field: 260430|| aca||aabn | a|a d
040 ## - CATALOGING SOURCE
- Original cataloging agency: OSt
- Transcribing agency: OSt
100 ## - HEADING--PERSONAL NAME
- Personal name: Coltrin Sally A
670 ## - SOURCE DATA FOUND
- Source citation: Work cat.: (OSt)640633: Mathis Robert L. 328467, Study Guide to Accompany PERSONNEL Human Resource Management , 1985
